00856nam a2200265 i 4500001000300000003000400003005001700007008003900024015001800063020001500081040001400096041000800110080000800118080001200126245008600138250002400224260004300248300003500291655003000326650001300356700004600369710003400415700004300449856009800492bgBPK20191230141843.0001103s2000 pl a f f |000 0 pol aPB 1999/16513 a8301130105 aWA NcBPK0 apol a330 a(075.8)00aPodstawy ekonomii /cred. nauk. Roman Milewski ; aut. Anna Jabłońska [et al.]. aWyd. 2 popr., dodr. aWarszawa :bWydaw. Naukowe PWN,c2000. a682, [1] s. :bwykr. ;c24 cm. 4aPodręczniki akademickie 4aEkonomia1 aJabłońska, Annac(ekonomistka).eAutor2 aWydawnictwo Naukowe PWN4pbl.1 aMilewski, Romand(1940-2001)eRedakcja uhttp://koha.tu.koszalin.pl/cgi-bin/koha/opac-detail.pl?biblionumber=38296yKatalog online BPK